000
00413nam a22001337a 4500
003
SGT
020
_a
8179480534
082
_a
891.4309
_b
U08K
100
_a
कुमार, कृष्ण
245
_a
उत्तर कलामृत : ग्रंथकार महाकवि कालिदास
260
_b
एल्फा पब्लिकेशंस
_c
2008
300
_a
526
942
_2
ddc
_c
BK
999
_c
31276
_d
31276